[Event "DVM U20w 2019"]
[Site "Braunschweig GER"]
[Date "2019.12.27"]
[Round "1"]
[White "Bardorz, Jana"]
[Black "Müdder, Melanie"]
[Result "1-0"]
[Termination "normal"]
[Board "1.1"]
[WhiteElo "2054"]
[BlackElo "1902"]
[WhiteClock "00:28:54"]
[BlackClock "00:30:59"]
[WhiteTeam "SC Bavaria Regensburg von 1881 e.V."]
[BlackTeam "Schachgesellschaft Solingen e. V."]
[PlyCount "93"]
[WhiteFideId "16208897"]
[BlackFideId "12994103"]
[EventCountry "GER"]
[EventRounds "7"]
[EventType "team-swiss"]
[EventDate "2019.12.26"]

1. e4 {[%clk 1:30:57]} c5 {[%clk 1:30:54]} 2. Nf3 {[%clk 1:31:22]} Nc6 {[%clk
1:31:16]} 3. Bb5 {[%clk 1:31:47]} g6 {[%clk 1:27:29]} 4. O-O {[%clk 1:26:05]}
Bg7 {[%clk 1:27:41]} 5. Bxc6 {[%clk 1:18:02]} dxc6 {[%clk 1:25:11]} 6. d3
{[%clk 1:16:11]} e5 {[%clk 1:18:19]} 7. Be3 {[%clk 1:11:36]} Qd6 {[%clk
1:17:16]} 8. h3 {[%clk 1:07:30]} f5 {[%clk 1:04:45]} 9. exf5 {[%clk 1:01:31]}
gxf5 {[%clk 0:58:17]} 10. Nbd2 {[%clk 0:53:05]} f4 {[%clk 0:46:55]} 11. Ne4
{[%clk 0:48:32]} Qg6 {[%clk 0:47:00]} 12. Bxc5 {[%clk 0:36:58]} Bxh3 {[%clk
0:25:57]} 13. Nh4 {[%clk 0:35:58]} Qh6 {[%clk 0:26:05]} 14. Nd6+ {[%clk
0:32:16]} Kd7 {[%clk 0:24:57]} 15. gxh3 {[%clk 0:23:04]} Qxh4 {[%clk 0:25:08]}
16. Kh2 {[%clk 0:21:07]} b6 {[%clk 0:23:08]} 17. Nf5 {[%clk 0:19:44]} Qf6
{[%clk 0:22:35]} 18. Qg4 {[%clk 0:18:15]} h5 {[%clk 0:17:44]} 19. Qxg7+ {[%clk
0:16:50]} Qxg7 {[%clk 0:18:07]} 20. Nxg7 {[%clk 0:17:12]} bxc5 {[%clk 0:17:49]}
21. Rae1 {[%clk 0:15:17]} Rh7 {[%clk 0:12:57]} 22. Rg1 {[%clk 0:12:18]} Nf6
{[%clk 0:10:40]} 23. Rxe5 {[%clk 0:08:00]} Ng4+ {[%clk 0:08:23]} 24. hxg4
{[%clk 0:08:14]} hxg4+ {[%clk 0:08:47]} 25. Nh5 {[%clk 0:07:10]} Rah8 {[%clk
0:07:39]} 26. Rxg4 {[%clk 0:07:01]} Rxh5+ {[%clk 0:07:50]} 27. Rxh5 {[%clk
0:07:26]} Rxh5+ {[%clk 0:08:15]} 28. Kg2 {[%clk 0:07:42]} Re5 {[%clk 0:07:46]}
29. Kf3 {[%clk 0:07:04]} Kd6 {[%clk 0:06:44]} 30. Rxf4 {[%clk 0:06:50]} Kd5
{[%clk 0:06:47]} 31. Re4 {[%clk 0:06:14]} Rf5+ {[%clk 0:06:49]} 32. Ke3 {[%clk
0:06:24]} Rh5 {[%clk 0:06:30]} 33. b3 {[%clk 0:05:23]} Rh3+ {[%clk 0:05:18]}
34. f3 {[%clk 0:05:09]} Rh2 {[%clk 0:03:59]} 35. Rc4 {[%clk 0:05:16]} Rh3
{[%clk 0:01:46]} 36. Kf4 {[%clk 0:05:11]} Rh7 {[%clk 0:01:09]} 37. Kg5 {[%clk
0:04:27]} Ke6 {[%clk 0:00:37]} 38. Rxc5 {[%clk 0:03:02]} Rg7+ {[%clk 0:01:00]}
39. Kf4 {[%clk 0:03:03]} Rf7+ {[%clk 0:01:10]} 40. Ke4 {[%clk 0:03:05]} Kd6
{[%clk 0:01:19]} 41. d4 {[%clk 0:02:09]} Re7+ {[%clk 0:01:11]} 42. Re5 {[%clk
0:02:22]} Rh7 {[%clk 0:01:27]} 43. f4 {[%clk 0:02:07]} Rh3 {[%clk 0:01:00]} 44.
Kf5 {[%clk 0:01:06]} Rc3 {[%clk 0:01:08]} 45. Rc5 {[%clk 0:01:08]} Re3 {[%clk
0:01:02]} 46. c4 {[%clk 0:29:11]} Re2 {[%clk 0:30:59]} 47. Ra5 {[%clk 0:28:54]}
1-0

[Event "DVM U20w 2019"]
[Site "Braunschweig GER"]
[Date "2019.12.27"]
[Round "1"]
[White "Bashylina, Luisa"]
[Black "Pavlov, Liliane"]
[Result "1-0"]
[Termination "normal"]
[Board "1.2"]
[WhiteTitle "WCM"]
[WhiteElo "1935"]
[BlackElo "1623"]
[WhiteTeam "Schachgesellschaft Solingen e. V."]
[BlackTeam "SC Bavaria Regensburg von 1881 e.V."]
[PlyCount "73"]
[WhiteFideId "12983292"]
[BlackFideId "16225449"]
[EventCountry "GER"]
[EventRounds "7"]
[EventType "team-swiss"]
[EventDate "2019.12.26"]

1. e4 c5 2. Nf3 d6 3. d4 cxd4 4. Qxd4 Bd7 5. c4 e5 6. Qd3 Nc6 7. Be2 Nf6 8. Nc3
Be7 9. Bg5 a6 10. Rd1 Qa5 11. O-O Rd8 12. Bxf6 gxf6 13. Nd5 Nb4 14. Qd2 Nc6 15.
Qh6 Be6 16. Nxf6+ Bxf6 17. Qxf6 Rg8 18. Ng5 Rg6 19. Qh8+ Ke7 20. Qxh7 Rxg5 21.
Qh4 Rdg8 22. a3 Nd4 23. Rxd4 f6 24. Rdd1 Rxg2+ 25. Kh1 Qd8 26. c5 d5 27. Bh5
Qd7 28. f4 Qa4 29. fxe5 R8g5 30. exf6+ Kf8 31. Bf3 Qc2 32. Qh8+ Rg8 33. Qh6+
Ke8 34. exd5 Bf7 35. Qh3 Qxc5 36. Bxg2 Kd8 37. Rc1 1-0

[Event "DVM U20w 2019"]
[Site "Braunschweig GER"]
[Date "2019.12.27"]
[Round "1"]
[White "Oberhofer, Marie"]
[Black "Berelowitsch, Dana"]
[Result "0-1"]
[Termination "normal"]
[Board "1.3"]
[WhiteElo "1700"]
[BlackElo "1792"]
[WhiteClock "00:00:20"]
[BlackClock "00:03:01"]
[WhiteTeam "SC Bavaria Regensburg von 1881 e.V."]
[BlackTeam "Schachgesellschaft Solingen e. V."]
[PlyCount "81"]
[WhiteFideId "12938165"]
[BlackFideId "12977144"]
[EventCountry "GER"]
[EventRounds "7"]
[EventType "team-swiss"]
[EventDate "2019.12.26"]

1. e4 {[%clk 1:30:53]} c5 {[%clk 1:30:56]} 2. Nf3 {[%clk 1:31:11]} g6 {[%clk
1:31:19]} 3. d4 {[%clk 1:31:34]} cxd4 {[%clk 1:31:43]} 4. Nxd4 {[%clk 1:31:59]}
Bg7 {[%clk 1:32:03]} 5. Be3 {[%clk 1:31:46]} Nc6 {[%clk 1:32:25]} 6. Nc3 {[%clk
1:31:25]} Nf6 {[%clk 1:32:39]} 7. Nxc6 {[%clk 1:31:44]} bxc6 {[%clk 1:33:03]}
8. e5 {[%clk 1:31:57]} Nd5 {[%clk 1:33:22]} 9. Nxd5 {[%clk 1:31:45]} cxd5
{[%clk 1:33:46]} 10. Qxd5 {[%clk 1:31:14]} Rb8 {[%clk 1:34:01]} 11. Bc4 {[%clk
1:21:30]} O-O {[%clk 1:32:57]} 12. O-O {[%clk 1:17:57]} Bb7 {[%clk 1:31:17]}
13. Qd4 {[%clk 1:08:24]} Qc7 {[%clk 1:26:47]} 14. f4 {[%clk 0:55:16]} d6 {[%clk
1:16:33]} 15. Bb3 {[%clk 0:46:07]} dxe5 {[%clk 1:07:32]} 16. Qd2 {[%clk
0:38:00]} Rbd8 {[%clk 0:52:57]} 17. Qf2 {[%clk 0:36:48]} Ba6 {[%clk 0:47:28]}
18. Rfd1 {[%clk 0:35:20]} exf4 {[%clk 0:43:36]} 19. Bxf4 {[%clk 0:34:03]} e5
{[%clk 0:30:34]} 20. Bg5 {[%clk 0:32:36]} Rd7 {[%clk 0:24:20]} 21. Rd2 {[%clk
0:26:48]} Rxd2 {[%clk 0:20:19]} 22. Qxd2 {[%clk 0:26:54]} e4 {[%clk 0:19:49]}
23. c3 {[%clk 0:24:24]} Bd3 {[%clk 0:18:10]} 24. Bc2 {[%clk 0:19:58]} Bxc2
{[%clk 0:16:46]} 25. Qxc2 {[%clk 0:20:23]} Qc5+ {[%clk 0:16:32]} 26. Kf1 {[%clk
0:12:53]} Qxg5 {[%clk 0:16:32]} 27. Qxe4 {[%clk 0:12:43]} Qb5+ {[%clk 0:16:01]}
28. Qe2 {[%clk 0:13:00]} Qxe2+ {[%clk 0:15:20]} 29. Kxe2 {[%clk 0:13:26]} Rb8
{[%clk 0:15:38]} 30. b3 {[%clk 0:05:40]} Bxc3 {[%clk 0:15:44]} 31. Rc1 {[%clk
0:05:42]} Be5 {[%clk 0:14:51]} 32. h3 {[%clk 0:05:54]} Rb7 {[%clk 0:08:14]} 33.
Rc5 {[%clk 0:05:35]} Bd6 {[%clk 0:05:20]} 34. Rd5 {[%clk 0:05:42]} Be7 {[%clk
0:04:50]} 35. Kd3 {[%clk 0:05:44]} Kg7 {[%clk 0:04:14]} 36. Kc4 {[%clk
0:03:39]} Kf6 {[%clk 0:04:02]} 37. Kd4 {[%clk 0:02:00]} Ke6 {[%clk 0:02:52]}
38. Re5+ {[%clk 0:01:23]} Kd6 {[%clk 0:03:05]} 39. Rd5+ {[%clk 0:01:07]} Kc6
{[%clk 0:02:56]} 40. Kc4 {[%clk 0:00:20]} Rb4+ {[%clk 0:03:01]} 41. Kd4 0-1

[Event "DVM U20w 2019"]
[Site "Braunschweig GER"]
[Date "2019.12.27"]
[Round "1"]
[White "Sereda, Yaroslava"]
[Black "Prölß, Clara"]
[Result "1-0"]
[Termination "normal"]
[Board "1.4"]
[WhiteElo "1726"]
[BlackElo "1000"]
[WhiteClock "00:25:35"]
[BlackClock "00:27:08"]
[WhiteTeam "Schachgesellschaft Solingen e. V."]
[BlackTeam "SC Bavaria Regensburg von 1881 e.V."]
[PlyCount "83"]
[WhiteFideId "14178940"]
[BlackFideId "16296788"]
[EventCountry "GER"]
[EventRounds "7"]
[EventType "team-swiss"]
[EventDate "2019.12.26"]

1. e4 {[%clk 1:30:55]} e5 {[%clk 1:30:49]} 2. Nf3 {[%clk 1:31:14]} Nc6 {[%clk
1:31:02]} 3. Bb5 {[%clk 1:31:19]} a6 {[%clk 1:30:56]} 4. Ba4 {[%clk 1:31:37]}
Nf6 {[%clk 1:30:18]} 5. d4 {[%clk 1:30:28]} b5 {[%clk 1:28:45]} 6. Bb3 {[%clk
1:28:42]} d6 {[%clk 1:26:34]} 7. Ng5 {[%clk 0:40:58]} d5 {[%clk 1:04:13]} 8.
exd5 {[%clk 0:36:39]} Nxd4 {[%clk 0:54:18]} 9. O-O {[%clk 0:20:03]} Bd6 {[%clk
0:50:31]} 10. f4 {[%clk 0:15:12]} Nxb3 {[%clk 0:43:28]} 11. axb3 {[%clk
0:13:34]} O-O {[%clk 0:35:39]} 12. Qd3 {[%clk 0:11:12]} Re8 {[%clk 0:28:02]}
13. fxe5 {[%clk 0:09:10]} Bxe5 {[%clk 0:25:50]} 14. c4 {[%clk 0:07:00]} Bd7
{[%clk 0:22:10]} 15. Nc3 {[%clk 0:04:47]} h6 {[%clk 0:19:21]} 16. Nf3 {[%clk
0:03:51]} Bd6 {[%clk 0:13:43]} 17. Bd2 {[%clk 0:03:03]} c6 {[%clk 0:12:02]} 18.
Rae1 {[%clk 0:01:08]} Bc5+ {[%clk 0:08:50]} 19. Nd4 {[%clk 0:00:54]} b4 {[%clk
0:07:30]} 20. Na4 {[%clk 0:00:47]} Bxd4+ {[%clk 0:05:38]} 21. Qxd4 {[%clk
0:01:09]} cxd5 {[%clk 0:05:07]} 22. cxd5 {[%clk 0:01:10]} Bxa4 {[%clk 0:04:27]}
23. bxa4 {[%clk 0:01:33]} Nxd5 {[%clk 0:03:45]} 24. Rxe8+ {[%clk 0:01:10]} Qxe8
{[%clk 0:03:09]} 25. Qxd5 {[%clk 0:01:03]} Rd8 {[%clk 0:02:31]} 26. Qc4 {[%clk
0:00:55]} Rxd2 {[%clk 0:02:23]} 27. Qxb4 {[%clk 0:00:40]} Qe3+ {[%clk 0:02:03]}
28. Kh1 {[%clk 0:00:55]} Qe2 {[%clk 0:01:32]} 29. Rg1 {[%clk 0:01:06]} Rxb2
{[%clk 0:01:29]} 30. Qc5 {[%clk 0:00:41]} g6 {[%clk 0:01:16]} 31. Qc8+ {[%clk
0:00:43]} Kh7 {[%clk 0:01:07]} 32. Qf8 {[%clk 0:00:38]} Rd2 {[%clk 0:00:42]}
33. Qxf7+ {[%clk 0:00:54]} Kh8 {[%clk 0:00:45]} 34. Qxg6 {[%clk 0:01:14]} Rd1
{[%clk 0:00:48]} 35. Qxh6+ {[%clk 0:01:23]} Kg8 {[%clk 0:01:03]} 36. Qb6 {[%clk
0:00:59]} Rxg1+ {[%clk 0:00:31]} 37. Qxg1 {[%clk 0:01:22]} Qc4 {[%clk 0:00:38]}
38. Qa1 {[%clk 0:00:43]} Kf8 {[%clk 0:00:34]} 39. h3 {[%clk 0:00:40]} Qh4
{[%clk 0:00:34]} 40. Qf1+ {[%clk 0:00:43]} Kg7 {[%clk 0:00:40]} 41. Qa1+ {[%clk
0:26:56]} Kf7 {[%clk 0:27:08]} 42. Qa2+ {[%clk 0:25:35]} 1-0

[Event "DVM U20w 2019"]
[Site "Braunschweig GER"]
[Date "2019.12.27"]
[Round "1"]
[White "Köhler, Inken"]
[Black "Schumann, Rabea"]
[Result "1-0"]
[Termination "normal"]
[Board "2.1"]
[WhiteElo "1998"]
[BlackElo "1873"]
[WhiteClock "00:19:43"]
[BlackClock "00:01:28"]
[WhiteTeam "TuRa Harksheide von 1945 Norderstedt e.V."]
[BlackTeam "SG Güstrow/Teterow"]
[PlyCount "55"]
[WhiteFideId "12929301"]
[BlackFideId "12918199"]
[EventCountry "GER"]
[EventRounds "7"]
[EventType "team-swiss"]
[EventDate "2019.12.26"]

1. e4 {[%clk 1:30:57]} c5 {[%clk 1:30:53]} 2. Nf3 {[%clk 1:31:21]} Nc6 {[%clk
1:31:15]} 3. d4 {[%clk 1:31:40]} cxd4 {[%clk 1:31:38]} 4. Nxd4 {[%clk 1:32:07]}
g6 {[%clk 1:31:48]} 5. c4 {[%clk 1:32:23]} Nf6 {[%clk 1:28:34]} 6. Nc3 {[%clk
1:32:29]} d6 {[%clk 1:25:58]} 7. Be2 {[%clk 1:31:26]} Nxd4 {[%clk 1:25:40]} 8.
Qxd4 {[%clk 1:31:42]} Bg7 {[%clk 1:25:40]} 9. Be3 {[%clk 1:28:53]} O-O {[%clk
1:25:25]} 10. Qd2 {[%clk 1:25:59]} Be6 {[%clk 1:20:30]} 11. Rc1 {[%clk
1:22:23]} Qa5 {[%clk 1:17:26]} 12. O-O {[%clk 1:19:07]} Rfc8 {[%clk 1:16:33]}
13. b3 {[%clk 1:16:24]} a6 {[%clk 1:13:18]} 14. Bf3 {[%clk 1:07:57]} Rab8
{[%clk 0:55:51]} 15. Ba7 {[%clk 0:56:57]} Ra8 {[%clk 0:54:26]} 16. Bd4 {[%clk
0:54:39]} Rab8 {[%clk 0:48:20]} 17. Qe3 {[%clk 0:49:04]} Ng4 {[%clk 0:26:23]}
18. Bxg4 {[%clk 0:47:35]} Bxg4 {[%clk 0:23:09]} 19. Bb6 {[%clk 0:43:44]} Qe5
{[%clk 0:15:01]} 20. Nd5 {[%clk 0:36:47]} Rc6 {[%clk 0:07:28]} 21. f4 {[%clk
0:30:52]} Qe6 {[%clk 0:06:28]} 22. h3 {[%clk 0:29:15]} Bh5 {[%clk 0:05:54]} 23.
g4 {[%clk 0:25:04]} Bxg4 {[%clk 0:05:57]} 24. hxg4 {[%clk 0:25:30]} Qxg4+
{[%clk 0:06:19]} 25. Kh2 {[%clk 0:24:21]} Kf8 {[%clk 0:04:47]} 26. Rf3 {[%clk
0:21:34]} h5 {[%clk 0:02:31]} 27. Rg1 {[%clk 0:20:25]} Qd7 {[%clk 0:01:28]} 28.
f5 {[%clk 0:19:43]} 1-0

[Event "DVM U20w 2019"]
[Site "Braunschweig GER"]
[Date "2019.12.27"]
[Round "1"]
[White "Jörs, Pia-Milena"]
[Black "Schnabel, Luise"]
[Result "1/2-1/2"]
[Termination "normal"]
[Board "2.2"]
[WhiteElo "1646"]
[BlackElo "1836"]
[WhiteClock "00:14:03"]
[BlackClock "00:01:24"]
[WhiteTeam "SG Güstrow/Teterow"]
[BlackTeam "TuRa Harksheide von 1945 Norderstedt e.V."]
[PlyCount "69"]
[WhiteFideId "12964646"]
[BlackFideId "12943347"]
[EventCountry "GER"]
[EventRounds "7"]
[EventType "team-swiss"]
[EventDate "2019.12.26"]

1. d4 {[%clk 1:30:55]} Nf6 {[%clk 1:30:48]} 2. Nf3 {[%clk 1:31:09]} g6 {[%clk
1:30:59]} 3. Bf4 {[%clk 1:31:20]} Bg7 {[%clk 1:31:10]} 4. e3 {[%clk 1:31:11]}
O-O {[%clk 1:30:52]} 5. Bd3 {[%clk 1:28:04]} d6 {[%clk 1:29:18]} 6. h3 {[%clk
1:27:28]} Nbd7 {[%clk 1:28:00]} 7. O-O {[%clk 1:27:07]} Re8 {[%clk 1:25:47]} 8.
Bh2 {[%clk 1:18:54]} e5 {[%clk 1:19:56]} 9. dxe5 {[%clk 1:17:21]} dxe5 {[%clk
1:13:00]} 10. Bc4 {[%clk 1:14:51]} Qe7 {[%clk 1:10:27]} 11. c3 {[%clk 1:12:53]}
h6 {[%clk 1:03:12]} 12. Nbd2 {[%clk 1:06:42]} c6 {[%clk 0:54:08]} 13. Bb3
{[%clk 0:59:43]} b5 {[%clk 0:45:49]} 14. a4 {[%clk 0:49:13]} Bb7 {[%clk
0:41:10]} 15. Qc2 {[%clk 0:44:02]} Kf8 {[%clk 0:31:12]} 16. Rfd1 {[%clk
0:35:16]} a6 {[%clk 0:27:52]} 17. Ne4 {[%clk 0:24:49]} Nxe4 {[%clk 0:22:08]}
18. Qxe4 {[%clk 0:24:42]} Nc5 {[%clk 0:19:32]} 19. Qc2 {[%clk 0:23:06]} Nxb3
{[%clk 0:16:55]} 20. Qxb3 {[%clk 0:23:27]} Rad8 {[%clk 0:16:26]} 21. Rxd8
{[%clk 0:22:21]} Rxd8 {[%clk 0:15:59]} 22. Rd1 {[%clk 0:22:12]} Rxd1+ {[%clk
0:14:49]} 23. Qxd1 {[%clk 0:22:36]} c5 {[%clk 0:14:53]} 24. axb5 {[%clk
0:20:10]} axb5 {[%clk 0:14:34]} 25. Qe2 {[%clk 0:20:00]} c4 {[%clk 0:12:06]}
26. e4 {[%clk 0:19:13]} Qc5 {[%clk 0:09:13]} 27. Qd2 {[%clk 0:18:18]} Ke7
{[%clk 0:08:50]} 28. Qc2 {[%clk 0:16:02]} Bc6 {[%clk 0:06:34]} 29. Bg3 {[%clk
0:15:26]} Ke8 {[%clk 0:03:30]} 30. Bh4 {[%clk 0:15:05]} Qd6 {[%clk 0:03:07]}
31. Bg3 {[%clk 0:14:58]} f6 {[%clk 0:02:22]} 32. Nd4 {[%clk 0:14:10]} Qd7
{[%clk 0:01:45]} 33. Nxc6 {[%clk 0:14:21]} Qxc6 {[%clk 0:02:11]} 34. f3 {[%clk
0:14:30]} Bf8 {[%clk 0:01:24]} 35. Qd2 {[%clk 0:14:03]} 1/2-1/2

[Event "DVM U20w 2019"]
[Site "Braunschweig GER"]
[Date "2019.12.27"]
[Round "1"]
[White "Sherif, Amina"]
[Black "Puls, Luisa"]
[Result "1-0"]
[Termination "normal"]
[Board "2.3"]
[WhiteTitle "WIM"]
[WhiteElo "1945"]
[BlackElo "1551"]
[WhiteClock "00:05:14"]
[BlackClock "00:00:38"]
[WhiteTeam "TuRa Harksheide von 1945 Norderstedt e.V."]
[BlackTeam "SG Güstrow/Teterow"]
[PlyCount "53"]
[WhiteFideId "12911690"]
[BlackFideId "16266005"]
[EventCountry "GER"]
[EventRounds "7"]
[EventType "team-swiss"]
[EventDate "2019.12.26"]

1. e4 {[%clk 1:30:53]} c5 {[%clk 1:30:53]} 2. Nf3 {[%clk 1:31:11]} d6 {[%clk
1:31:09]} 3. d4 {[%clk 1:31:19]} cxd4 {[%clk 1:31:08]} 4. Nxd4 {[%clk 1:31:41]}
Nf6 {[%clk 1:31:06]} 5. Nc3 {[%clk 1:32:04]} g6 {[%clk 1:31:06]} 6. g3 {[%clk
1:31:32]} Bg7 {[%clk 1:30:14]} 7. Bg2 {[%clk 1:31:39]} O-O {[%clk 1:29:54]} 8.
O-O {[%clk 1:31:35]} Nbd7 {[%clk 1:26:09]} 9. h3 {[%clk 1:24:15]} Re8 {[%clk
1:17:25]} 10. Be3 {[%clk 1:23:07]} Ne5 {[%clk 1:07:08]} 11. b3 {[%clk 1:16:47]}
Bd7 {[%clk 0:57:37]} 12. Qd2 {[%clk 1:10:56]} Bc6 {[%clk 0:48:39]} 13. Rac1
{[%clk 1:00:07]} Rc8 {[%clk 0:41:17]} 14. f4 {[%clk 0:57:52]} Ned7 {[%clk
0:39:18]} 15. Nxc6 {[%clk 0:57:27]} bxc6 {[%clk 0:35:32]} 16. Bxa7 {[%clk
0:47:44]} Qa5 {[%clk 0:19:31]} 17. Be3 {[%clk 0:44:37]} Red8 {[%clk 0:16:45]}
18. Rfd1 {[%clk 0:32:54]} Nc5 {[%clk 0:10:41]} 19. Nd5 {[%clk 0:25:23]} Qxd2
{[%clk 0:06:31]} 20. Nxf6+ {[%clk 0:25:44]} Bxf6 {[%clk 0:06:45]} 21. Rxd2
{[%clk 0:26:05]} Na6 {[%clk 0:05:59]} 22. c4 {[%clk 0:14:21]} Nb4 {[%clk
0:04:54]} 23. a3 {[%clk 0:12:06]} Na6 {[%clk 0:04:42]} 24. b4 {[%clk 0:05:53]}
Bg7 {[%clk 0:03:30]} 25. Rcd1 {[%clk 0:05:06]} Nb8 {[%clk 0:00:51]} 26. c5
{[%clk 0:05:14]} d5 {[%clk 0:00:38]} 27. exd5 1-0

[Event "DVM U20w 2019"]
[Site "Braunschweig GER"]
[Date "2019.12.27"]
[Round "1"]
[White "Jacoby, Angelina"]
[Black "Peglau, Mirjam"]
[Result "0-1"]
[Termination "normal"]
[Board "3.1"]
[WhiteElo "1635"]
[BlackElo "1916"]
[WhiteClock "00:00:54"]
[BlackClock "00:19:30"]
[WhiteTeam "Leegebrucher Schachfreunde"]
[BlackTeam "Schachzentrum Seeblick e. V."]
[PlyCount "70"]
[WhiteFideId "12999008"]
[BlackFideId "16211138"]
[EventCountry "GER"]
[EventRounds "7"]
[EventType "team-swiss"]
[EventDate "2019.12.26"]

1. d4 {[%clk 1:30:58]} f5 {[%clk 1:30:55]} 2. Bf4 {[%clk 1:30:27]} Nf6 {[%clk
1:31:06]} 3. e3 {[%clk 1:29:43]} g6 {[%clk 1:29:22]} 4. Nf3 {[%clk 1:28:12]}
Bg7 {[%clk 1:29:42]} 5. h3 {[%clk 1:22:28]} d6 {[%clk 1:27:43]} 6. Be2 {[%clk
1:19:34]} O-O {[%clk 1:24:33]} 7. c3 {[%clk 1:17:56]} h6 {[%clk 1:22:28]} 8.
Nbd2 {[%clk 1:13:03]} Nc6 {[%clk 1:20:03]} 9. O-O {[%clk 1:06:41]} Qe8 {[%clk
1:17:16]} 10. Bc4+ {[%clk 0:50:33]} Kh7 {[%clk 1:16:42]} 11. Re1 {[%clk
0:48:12]} e5 {[%clk 1:16:12]} 12. dxe5 {[%clk 0:48:14]} dxe5 {[%clk 1:16:14]}
13. Bh2 {[%clk 0:48:34]} Bd7 {[%clk 1:08:06]} 14. e4 {[%clk 0:45:51]} f4 {[%clk
1:08:09]} 15. Qc2 {[%clk 0:40:08]} g5 {[%clk 1:07:18]} 16. Rad1 {[%clk
0:28:46]} g4 {[%clk 1:00:59]} 17. hxg4 {[%clk 0:28:25]} Nxg4 {[%clk 1:01:04]}
18. Nb3 {[%clk 0:24:10]} b6 {[%clk 0:56:05]} 19. Rd2 {[%clk 0:21:36]} Be6
{[%clk 0:52:54]} 20. Bd5 {[%clk 0:13:27]} Rd8 {[%clk 0:52:11]} 21. Red1 {[%clk
0:12:54]} Rd6 {[%clk 0:50:52]} 22. a3 {[%clk 0:08:10]} Qg6 {[%clk 0:48:31]} 23.
Bxe6 {[%clk 0:07:56]} Rxd2 {[%clk 0:43:22]} 24. Rxd2 {[%clk 0:08:17]} Qxe6
{[%clk 0:43:44]} 25. Rd5 {[%clk 0:06:14]} Ne7 {[%clk 0:42:35]} 26. Rd1 {[%clk
0:05:03]} Ng6 {[%clk 0:35:50]} 27. Nc1 {[%clk 0:04:05]} Qf6 {[%clk 0:34:15]}
28. Nd3 {[%clk 0:02:56]} Nh4 {[%clk 0:26:23]} 29. Nde1 {[%clk 0:02:57]} Nxf3+
{[%clk 0:25:27]} 30. Nxf3 {[%clk 0:03:15]} Rf7 {[%clk 0:23:35]} 31. Qe2 {[%clk
0:02:09]} Qg6 {[%clk 0:19:52]} 32. Re1 {[%clk 0:01:06]} Qh5 {[%clk 0:19:47]}
33. Rd1 {[%clk 0:00:53]} Nxh2 {[%clk 0:19:49]} 34. Ng5+ {[%clk 0:00:32]} Qxg5
{[%clk 0:20:04]} 35. Kxh2 {[%clk 0:00:54]} Rf6 {[%clk 0:19:30]} 0-1

[Event "DVM U20w 2019"]
[Site "Braunschweig GER"]
[Date "2019.12.27"]
[Round "1"]
[White "Peglau, Sarah"]
[Black "Schiewe, Nadin"]
[Result "0-1"]
[Termination "normal"]
[Board "3.2"]
[WhiteElo "1760"]
[BlackElo "1629"]
[WhiteClock "00:06:03"]
[BlackClock "00:04:17"]
[WhiteTeam "Schachzentrum Seeblick e. V."]
[BlackTeam "Leegebrucher Schachfreunde"]
[PlyCount "74"]
[WhiteFideId "16219961"]
[BlackFideId "16209079"]
[EventCountry "GER"]
[EventRounds "7"]
[EventType "team-swiss"]
[EventDate "2019.12.26"]

1. d4 {[%clk 1:30:58]} d5 {[%clk 1:30:52]} 2. c4 {[%clk 1:31:23]} e6 {[%clk
1:31:15]} 3. Nc3 {[%clk 1:31:48]} c6 {[%clk 1:31:31]} 4. e3 {[%clk 1:31:10]}
Bd6 {[%clk 1:30:55]} 5. Nf3 {[%clk 1:27:47]} Nd7 {[%clk 1:30:29]} 6. Bd2 {[%clk
1:27:45]} f5 {[%clk 1:26:55]} 7. Qc2 {[%clk 1:26:31]} Ngf6 {[%clk 1:25:19]} 8.
cxd5 {[%clk 1:25:18]} Nxd5 {[%clk 1:23:54]} 9. a3 {[%clk 1:22:40]} O-O {[%clk
1:23:34]} 10. Bd3 {[%clk 1:21:41]} N7f6 {[%clk 1:14:53]} 11. O-O {[%clk
1:20:56]} Qe8 {[%clk 1:12:26]} 12. b4 {[%clk 1:19:59]} Nxc3 {[%clk 1:06:23]}
13. Bxc3 {[%clk 1:19:14]} b6 {[%clk 1:05:55]} 14. Rfc1 {[%clk 1:14:25]} Bb7
{[%clk 1:04:25]} 15. Bb2 {[%clk 1:09:16]} Qg6 {[%clk 0:54:35]} 16. Qb3 {[%clk
1:03:48]} Rfe8 {[%clk 0:49:50]} 17. Kf1 {[%clk 0:55:48]} Ng4 {[%clk 0:39:04]}
18. h3 {[%clk 0:49:27]} Nh2+ {[%clk 0:29:17]} 19. Nxh2 {[%clk 0:49:36]} Bxh2
{[%clk 0:29:40]} 20. g4 {[%clk 0:43:38]} Kh8 {[%clk 0:27:40]} 21. f4 {[%clk
0:34:21]} Qh6 {[%clk 0:21:50]} 22. Kg2 {[%clk 0:28:56]} Qh4 {[%clk 0:20:36]}
23. d5 {[%clk 0:10:10]} Qg3+ {[%clk 0:19:43]} 24. Kf1 {[%clk 0:10:38]} Qxh3+
{[%clk 0:17:34]} 25. Ke1 {[%clk 0:09:14]} Qxe3+ {[%clk 0:17:05]} 26. Kd1 {[%clk
0:09:21]} Bxf4 {[%clk 0:13:15]} 27. Qc3 {[%clk 0:09:03]} Re7 {[%clk 0:12:45]}
28. dxc6 {[%clk 0:08:54]} Bxc6 {[%clk 0:12:23]} 29. Kc2 {[%clk 0:08:33]} Qf2+
{[%clk 0:09:29]} 30. Kb1 {[%clk 0:08:25]} Bxc1 {[%clk 0:09:39]} 31. Bxc1 {[%clk
0:08:22]} Rc8 {[%clk 0:08:33]} 32. Ra2 {[%clk 0:08:15]} Qf3 {[%clk 0:08:07]}
33. Rc2 {[%clk 0:07:48]} Rcc7 {[%clk 0:06:28]} 34. Qd4 {[%clk 0:07:14]} Red7
{[%clk 0:05:07]} 35. Be2 {[%clk 0:06:03]} Qxe2 {[%clk 0:03:44]} 36. Qxd7 {[%clk
0:05:39]} Qxc2+ {[%clk 0:04:03]} 37. Kxc2 {[%clk 0:06:03]} Rxd7 {[%clk
0:04:17]} 0-1